[Event "Portugal Open 2020"]
[Site "Lisbon"]
[Date "2020.01.27"]
[Round "4.15"]
[White "Palozza, Christian"]
[Black "Damaso, Rui"]
[Result "0-1"]
[WhiteElo "2198"]
[BlackElo "2420"]
[Annotator "TA"]
[PlyCount "100"]
[EventDate "2020.01.25"]
[EventType "swiss"]
[EventCountry "POR"]
[SourceTitle "playchess.com"]
[Source "ChessBase"]
[SourceQuality "1"]

{[%evp 9,100,10,11,8,9,5,4,-7,0,-21,-29,-25,-27,-27,-2,-4,-8,-25,2,0,0,0,-6,-23,16,14,4,0,0,0,0,-10,-8,-9,-8,-47,-43,-45,-46,-137,-116,-113,-114,-124,-42,-67,-18,-18,0,-10,-15,-14,0,0,0,0,0,-72,-86,-99,-95,-99,-70,-122,-123,-124,-122,-166,-163,-185,-176,-229,-230,-674,-265,-262,-256,-425,-413,-404,-414,-1908,-1526,-29973,-6261,-29979,-29980,-29980,-29981,-29981,-29982,-29980,-29981]} 1. d4 d6 2. Nf3 Nf6 3. g3 c5 4. dxc5 (4. Bg2 Nbd7 5. O-O g6 6. b3 Bg7 7. Bb2 O-O 8. c4 a6 9. Nc3 Rb8 10. a4 cxd4 11. Nxd4 Ne5 12. a5 Bd7 13. Nd5 Re8 14. Nb6 Nc6 15. Qd2 Nxd4 16. Bxd4 Bc6 17. Rfd1 Bxg2 18. Kxg2 {0-1 (64) Triapishko,A (2514)-Timofeev,A (2595) Sochi 2019}) 4... Qa5+ 5. Nbd2 Qxc5 6. Bg2 {A46: 1 d4 Nf6 2 Nf3 e6: Torre, London and Colle Systems} e5 $146 ({Predecessor:} 6... Nc6 7. O-O Qh5 8. Re1 Bh3 9. Bh1 g6 10. c3 Bg7 11. Nd4 Bd7 12. Nxc6 {½-½ (46) Karnaukh,A (2053)-Holzmann,H (1955) Bled 2018}) 7. O-O Be7 8. a3 {The position is equal.} a5 9. b4 Qc3 10. Rb1 Bf5 11. Bb2 Qc8 12. Re1 axb4 13. axb4 Na6 14. e4 Be6 15. Ba1 O-O 16. c4 Bxc4 17. b5 Nb8 {[%cal Ba6b8,Bb8d7,Bd7c5][%mdl 32]} 18. Rc1 Rxa1 $1 19. Rxa1 Bxb5 20. Bf1 Bc6 21. Qb1 Nbd7 22. Bb5 Nc5 23. Ra2 g6 24. Rb2 (24. Bxc6 $15 Qxc6 25. Ra7) 24... Bxe4 25. Nxe4 Nfxe4 26. Bf1 f5 (26... Qf5 $17 27. Bg2 d5) 27. Nd2 $15 {[%cal Rd2e4]} Nf6 28. Nb3 {And now Nxc5 would win.} Nfe4 {Hoping for ...Nxb3.} (28... Nce4 {looks sharper.} 29. Rc1 Qd8 30. Nd2 Nc5 31. Nb3 Nfe4) 29. Nxc5 Nxc5 ({Much worse is} 29... Qxc5 $6 30. Rc1 $16) 30. Bc4+ Kh8 31. Bd5 e4 32. Bxb7 Qe6 33. Bc6 (33. Rd1 $11 {remains equal.}) 33... d5 $36 {[%mdl 2048] White is under strong pressure.} 34. Bb5 d4 35. Bf1 Qe5 36. Qa2 (36. Rb5 $15) 36... d3 37. Rb5 Rd8 38. Qc4 Kg7 39. Rd1 h5 40. Re1 (40. Qc1 $142) 40... h4 $19 41. Kg2 $2 (41. Bg2) 41... hxg3 $2 (41... d2 42. Rd1 f4 43. gxf4 Qxf4) 42. hxg3 g5 {Threatens to win with ...d2.} 43. Ra5 $2 {[#]} (43. Kg1) 43... d2 $1 {[%cal Rd2e1]} 44. Rd1 {[#]} f4 $1 {[%cal Rf4f3]} 45. Ra7 (45. Ra3 $142 e3 46. Be2) 45... f3+ (45... fxg3 $2 46. fxg3 e3 47. Be2 $19) 46. Kg1 e3 47. Rxe7+ Qxe7 {Black mates.} 48. Qc3+ Kh6 49. Qxe3 Qxe3 50. fxe3 Ne4 {Accuracy: White = 37%, Black = 63%.} 0-1

[Event "Portugal Open 2020"]
[Site "Lisbon"]
[Date "2020.01.27"]
[Round "4.16"]
[White "Krzywda, Andrzej"]
[Black "Savanovic, Aleksandar"]
[Result "0-1"]
[WhiteElo "2178"]
[BlackElo "2414"]
[Annotator "TA"]
[PlyCount "132"]
[EventDate "2020.01.25"]
[EventType "swiss"]
[EventCountry "POR"]
[SourceTitle "playchess.com"]
[Source "ChessBase"]
[SourceQuality "1"]

{[%evp 13,132,34,38,33,31,35,26,25,57,32,47,54,43,44,162,6,15,0,1,-24,-19,-35,-44,-43,20,8,6,8,8,-28,-35,-34,-19,-10,-8,-21,-27,-38,-30,-33,-32,-38,-35,-171,-27,-77,-76,-76,-48,-98,-39,-41,-25,-23,0,0,208,0,0,0,-14,-114,-114,-107,-4,-418,-420,-339,-353,-331,-131,-134,-133,-213,-213,-287,-232,-231,-232,-317,-331,-325,-273,-251,0,-195,-205,-731,-722,-1257,-553,-2402,-2129,-2101,-2202,-2259,-1814,-2291,-1979,-614,-5410,-6420,-5887,-3098,-2314,-8993,-6879,-2786,-2495,-29982,-29983,-29983,-29984,-29984,-29982,-29988,-29989,-29989,-29990,-29990,-29980]} 1. d4 d5 2. c4 e6 3. Nf3 Nf6 4. g3 dxc4 5. Bg2 a6 6. O-O Nc6 7. e3 Bd7 8. Qe2 {E04: Open Catalan: 5 Nf3} Bd6 9. Qxc4 O-O 10. Nbd2 {White has an edge.} Na5 $146 ({Predecessor:} 10... Nb4 11. Qe2 Bb5 12. Nc4 a5 13. a3 Nbd5 14. a4 Ba6 15. b3 c6 {1-0 (41) Cheparinov,I (2688)-Azarov,S (2582) Minsk 2017}) 11. Qc2 $1 Bb5 12. Rd1 Rc8 13. e4 c5 (13... Be7 $14) 14. d5 $2 ({Only move:} 14. e5 $1 $18) 14... e5 $1 $11 15. Nf1 Bd7 16. Ne3 b5 17. Nf5 Bxf5 $1 18. exf5 c4 (18... h6 $15) 19. Bg5 Nb7 {[%cal Ba5b7,Bb7c5,Bc5e4][%mdl 32]} 20. Nd2 Nc5 21. Ne4 Ncxe4 22. Bxe4 h6 23. Bh4 Bc5 24. Kg2 Bd4 25. Rac1 Qd6 {...Bxb2! is the strong threat.} 26. Bxf6 $1 Qxf6 27. Qd2 Rfd8 28. Rc2 {[#]} (28. Qe2 $15) 28... Qb6 (28... Bxb2 $1 $19 {[%mdl 512]} 29. Qa5 (29. Rxb2 $2 c3 $19 {[%mdl 64] Double Attack}) 29... c3) 29. b3 c3 30. Qd3 a5 31. g4 a4 (31... Rd6 $17 32. f4 b4) 32. h4 $15 axb3 33. axb3 Qc5 {[#]} 34. f6 $1 {[%mdl 512]} Rxd5 $2 (34... gxf6 $11 {and Black has nothing to worry.} 35. Qf3 Qd6) 35. Qf3 $2 (35. b4 $1 $18 {[%cal Rb4c5]} Qc6 36. Qf3) 35... Rd6 $36 {[%mdl 2048] Black is more active.} 36. fxg7 Kxg7 37. Qf5 (37. g5 $1 $11 {remains equal.}) 37... Rh8 $1 $17 38. g5 Qc8 (38... hxg5 $17 {And now ...Rg6 would win.} 39. Qxg5+ Kf8) 39. Kf3 $2 {[%mdl 8192]} (39. gxh6+ $1 $11 {and White is okay.} Rdxh6 40. Qg5+ Kf8 41. Rxc3) 39... Qxf5+ $19 40. Bxf5 hxg5 41. hxg5 b4 $2 (41... Rh4 $19 {Hoping for ...Rf4+.} 42. Kg2 Rf4) 42. Kg4 $17 Ra8 43. f4 (43. Re2 $17) 43... exf4 $19 44. Rh1 Ra5 45. Rch2 {Rh8 would now be nice for White.} Kf8 46. Rh6 Rxh6 47. gxh6 {[%mdl 4096] Endgame [#] KRB-KRB} f3 $1 48. h7 (48. Kxf3 Rxf5+) 48... Bh8 $2 ({Black should play} 48... f2 $1 $19 {aiming for ...Ra3.} 49. Bd3 Ke7) 49. Rd1 $2 {[#]} (49. Rf1 $11) 49... f2 $1 50. Rd8+ $2 (50. Rf1 Ra2 51. Kf3) 50... Kg7 51. Bd3 {[#]} f5+ $1 52. Kg5 {intending Rd7+.} (52. Bxf5 f1=Q) 52... Kxh7 53. Rc8 Rd5 54. Bc4 f4+ 55. Bxd5 f1=Q 56. Rc7+ Bg7 57. Be4+ Kg8 58. Rc8+ Kf7 59. Rc7+ Ke6 60. Bf5+ Ke5 {( -> ...Bf6+)} 61. Rxg7 {KQ-KRB} Qg1+ {Black mates.} 62. Bg4 c2 63. Re7+ Kd6 64. Re6+ Kd5 65. Re8 c1=Q 66. Rd8+ Kc6 {Accuracy: White = 40%, Black = 56%.} 0-1

[Event "Portugal Open 2020"]
[Site "Lisbon"]
[Date "2020.01.27"]
[Round "4.17"]
[White "Silich, Yahor"]
[Black "Alshameary Puente, Ismael"]
[Result "0-1"]
[WhiteElo "2158"]
[BlackElo "2385"]
[Annotator "TA"]
[PlyCount "74"]
[EventDate "2020.01.25"]
[EventType "swiss"]
[EventCountry "POR"]
[SourceTitle "playchess.com"]
[Source "ChessBase"]
[SourceQuality "1"]

{[%evp 11,84,15,19,17,17,17,17,17,19,20,20,19,27,5,20,18,18,17,20,20,17,14,13,11,20,22,20,26,38,22,31,23,24,13,36,30,44,23,33,0,24,0,0,-6,27,0,6,9,18,0,5,0,0,-100,-49,-100,-100,-101,-101,-104,-103,-129,-112,-142,-126,-354,-360,-359,-364,-336,-308,-355,0,-464,-464]} 1. e4 c5 2. Nf3 d6 3. Bb5+ Nd7 4. d4 cxd4 5. Qxd4 a6 6. Bxd7+ Bxd7 7. c4 {B51: Sicilian: Moscow Variation (3 Bb5+) without 3...Bd7} (7. Nc3 e5 8. Qd3 Rc8 9. O-O h6 10. Nd2 Be6 11. Rd1 Nf6 12. Nf1 Bc4 13. Qf3 Bxf1 14. Kxf1 Be7 15. Qd3 Rc6 {½-½ (30) Ni,H (2674)-Fedoseev,V (2702) China 2019}) 7... e5 8. Qd3 b5 9. Nc3 {[%cal Rc4b5] The position is equal.} bxc4 10. Qxc4 Nf6 11. O-O Be7 12. Rd1 h6 13. Nd2 O-O 14. Qd3 Bg4 15. f3 {[#]} Qb6+ $146 ({Predecessor:} 15... Be6 16. Nc4 Qc7 {0-1 (30) Elarbi,A (2297)-Ftacnik,L (2548) Baku 2016}) 16. Kh1 {Threatens to win with Nc4.} Be6 17. Nc4 Qc5 18. Ne3 Rfc8 19. Bd2 Bf8 20. Rac1 Qd4 21. Qe2 Qb6 22. Be1 Rab8 23. b3 Qb7 24. Qd2 Be7 25. Bf2 Rc7 26. Qb2 Rbc8 27. Ne2 Qb5 28. Nc3 Qb4 29. Be1 {Black must now prevent Ncd5.} Qb7 30. Bf2 Rc6 31. Kg1 Bd8 32. Ned5 {[#]} (32. Na4 $11) 32... Bxd5 (32... Nxd5 $1 $17 33. exd5 {[#]} Bxd5 $1 {[%mdl 512]} 34. Rxd5 Rxc3 {[%mdl 64] Discovered Attack} 35. Rxc3 Qxd5) 33. exd5 {[#]} (33. Nxd5 $15 Nxd5 34. Rxc6 Qxc6 35. exd5) 33... Nxd5 $1 $17 {[%mdl 512]} 34. Rxd5 (34. Nxd5 Rxc1) 34... Rxc3 $1 {[%mdl 64] Discovered Attack} 35. Rxc3 Qxd5 36. Rc1 Rc6 37. Be3 Bg5 {Played: Qd5-b5} 0-1

[Event "Portugal Open 2020"]
[Site "Lisbon"]
[Date "2020.01.27"]
[Round "4.18"]
[White "Sarkar, Justin"]
[Black "Veiga, Jose Francisco R P N"]
[Result "0-1"]
[WhiteElo "2385"]
[BlackElo "2312"]
[Annotator "TA"]
[PlyCount "78"]
[EventDate "2020.01.25"]
[EventType "swiss"]
[EventCountry "POR"]
[SourceTitle "playchess.com"]
[Source "ChessBase"]
[SourceQuality "1"]

{[%evp 22,78,-44,-50,0,0,0,0,0,0,0,0,0,0,184,80,100,0,214,38,37,36,28,37,158,-74,-70,-421,-414,-398,-372,-1379,-1379,-1495,-410,-413,0,-1453,0,-404,-405,-385,-404,-408,-391,-676,-681,-1470,-1404,-1787,-1686,-1723,-1645,-29988,-29989,-29989,-29990,-29989,-29990]} 1. d4 Nf6 2. c4 e6 3. Nc3 c5 4. d5 exd5 5. cxd5 d6 6. e4 g6 7. f4 Bg7 8. e5 Nfd7 9. Nb5 dxe5 10. Nd6+ Ke7 11. Nxc8+ Qxc8 12. Nf3 Re8 {A66: Modern Benoni: Mikenas Attack} 13. f5 {Threatens to win with Ng5.} Kf8 14. Ng5 e4 {The position is equal.} 15. fxg6 hxg6 16. Be2 Bd4 17. Rf1 f5 $146 (17... Ne5 $11 {and Black stays safe.}) ({Predecessor:} 17... Nf6 18. Rxf6 Bxf6 19. Nh7+ Kg7 20. Nxf6 Kxf6 {1-0 (38) Feller,S (2570)-Marzolo,C (2465) Marseille 2009}) 18. Qb3 (18. g4 $1 $18) 18... Ne5 $16 19. Nxe4 (19. g4 $1 $16) 19... c4 $2 (19... Nf7 $11 20. Ng5 Nxg5 21. Bxg5 Nd7) 20. Qa3+ $2 (20. Qb4+ $2 Kg7 $19) (20. Qg3 $1 $18 {Black must now prevent Bh6+.} Nbd7 21. Rxf5+ $1 {[%mdl 512]} Kg8 22. Bf4) 20... Kg7 $14 21. Nd6 $1 {[%csl LRc8,LRe8][%cal Rd6c8][%mdl 64] Double Attack} Bc5 22. Nxe8+ Qxe8 23. Qg3 $2 (23. Qh3 $1 $16 {is forced if you want to stay better.}) 23... Nd3+ $1 $17 24. Kd1 $2 {[%mdl 8192]} (24. Kd2 $1 $15 Bb4+ 25. Kd1 Qa4+ 26. b3 cxb3 27. Qc7+ Nd7 28. axb3 Qxb3+ {[%mdl 64] Double Attack} 29. Qc2 Nxc1 30. Kxc1 Ba3+ 31. Kd1 Qxd5+ 32. Qd3 Qxd3+ 33. Bxd3) 24... Qa4+ $1 $19 25. b3 cxb3 26. Bh5 $2 (26. Qc7+ Nd7 $19) (26. Kd2 Qb4+ 27. Kd1) 26... b2+ {[%mdl 64] Double Attack} 27. Kd2 {[#]} Qb4+ (27... bxa1=Q 28. Qxg6+ Kh8 29. Qh6+ Kg8 30. Qe6+ Kg7 31. Qg6+ Kh8 32. Qh6+ Kg8 33. Qe6+ Kg7 34. Qg6+ $11) (27... Be3+ $142 $1 {[%mdl 512]} 28. Kxe3 Qe4+ {[%mdl 64] Double Attack} 29. Kd2 bxa1=Q 30. Qxg6+ Kh8 $1 {[%mdl 512]} 31. Qh6+ Kg8 $1 {[%mdl 512]} 32. Qg5+ Qg7 33. Bf7+ Kh8 $1 {[%mdl 512]} 34. Qh5+ Qh7) 28. Kd1 Qa4+ (28... bxa1=Q 29. Qxg6+ Kh8 30. Qh6+ Kg8 31. Qe6+ Kg7 32. Qh6+ Kg8 33. Qe6+ Kh8 34. Qh6+ Kg8 $11) (28... bxc1=Q+ 29. Rxc1 Nd7 30. Qxg6+ Kh8 31. Qh6+ Kg8 32. Bf7+ Kxf7 33. Qe6+ Kg7 34. Qxd7+ Kh8 35. Qxf5 $11) (28... Qb6 $142 29. Bxb2+ Nxb2+ 30. Kc2 Nd7 31. Qxg6+ Qxg6 32. Bxg6 Kxg6 33. Kxb2 Bd4+ {[%mdl 64] Skewer} 34. Kb3 Bxa1 35. Rxa1 Nf6) 29. Kd2 $1 {[#]} Qb4+ $40 {[%mdl 128] Black is up to no good.} ({Not} 29... bxa1=B 30. Qxg6+ Kh8 31. Qh6+ Kg8 32. Qe6+ Kh8 33. Qh6+ Kg8 34. Qe6+ Kh8 35. Qh6+ $11) (29... Be3+ $142 $1 {[%mdl 512]} 30. Kxe3 Qe4+ {[%mdl 64] Double Attack} 31. Kd2 bxa1=Q 32. Qxg6+ Kh8 $1 {[%mdl 512]} 33. Qh6+ Kg8 $1 {[%mdl 512]} 34. Qg5+ Qg7 35. Rxf5 Nd7 36. Bf7+ Kh8 37. Qh5+ Qh7) 30. Kd1 $1 {[#]} Qb6 $1 ({Stronger than} 30... bxa1=Q 31. Qxg6+ Kh8 32. Qh6+ Kg8 33. Qe6+ Kh8 34. Qh6+ Kg8 35. Qe6+ Kh8 36. Qh6+ $11) ({Worse is} 30... bxc1=Q+ 31. Rxc1 Nd7 32. Qxg6+ Kh8 33. Qh6+ Kg8 34. Bf7+ Kxf7 35. Qe6+ Kg7 36. Qxd7+ Kh8 37. Qxf5 $11) 31. Bxb2+ Nxb2+ 32. Kc2 Bd4 33. Rae1 $2 (33. Bxg6 Qxg6 34. Rab1) 33... Nd7 34. Re7+ {[#]} Kf8 $1 35. Rxf5+ Kxe7 36. d6+ {[#]} Kd8 $1 {( -> ...Rc8+)} 37. Qg5+ Bf6 {Black mates.} 38. Rxf6 Rc8+ 39. Kd2 Qd4+ {[%mdl 64] Double Attack. Accuracy: White = 48%, Black = 65%.} 0-1

[Event "Portugal Open 2020"]
[Site "Lisbon"]
[Date "2020.01.27"]
[Round "4.19"]
[White "Arizmendi Martinez, Julen Luis"]
[Black "Correia, Mario"]
[Result "1-0"]
[WhiteElo "2505"]
[BlackElo "2133"]
[Annotator "TA"]
[PlyCount "71"]
[EventDate "2020.01.25"]
[EventType "swiss"]
[EventCountry "POR"]
[SourceTitle "playchess.com"]
[Source "ChessBase"]
[SourceQuality "1"]

{[%evp 22,71,43,44,46,42,42,52,40,52,52,51,45,45,91,90,85,82,91,103,101,91,91,91,110,110,110,111,110,109,117,116,129,122,123,117,114,111,126,127,127,132,217,192,245,240,245,245,243,245,233,155]} 1. e4 c5 2. Nf3 Nc6 3. d4 cxd4 4. Nxd4 g6 5. Nc3 Bg7 6. Be3 Nf6 7. Bc4 Qa5 8. O-O O-O 9. Bb3 d6 10. h3 Bd7 11. Re1 Nxd4 12. Bxd4 Bc6 {B35: Sicilian: Accelerated Dragon with 5 Nc3: main line} 13. Nd5 Rfe8 (13... Bxd5 14. exd5 Rfe8 15. c3 a6 16. Qf3 Nd7 17. Rad1 Qc7 18. h4 Bxd4 19. Rxd4 Nf6 20. a4 {1-0 (46) Sanal,V (2549)-Atabayev,M (2475) Moscow 2019}) 14. Bc3 Qd8 {White is slightly better.} 15. Nxf6+ Bxf6 16. Bxf6 exf6 17. Qd4 $36 {[%mdl 2048] White fights for an advantage.} f5 $146 {[#]} ({Predecessor:} 17... Re5 18. f4 Re8 19. Re3 f5 20. exf5 Rxe3 21. Qxe3 {½-½ (49) Soumya,S (2325)-Ahmad,A (2138) Abu Dhabi 2015}) 18. exf5 $1 Qg5 {[%csl Gc6][%cal Rg5g2]} 19. Qg4 Qxf5 20. Qxf5 gxf5 21. Red1 Rad8 22. Rd4 (22. f3 {with more complications.} a5 23. a4 d5 24. Rd2 Re5 25. Rad1) 22... Re4 23. Rad1 Rxd4 24. Rxd4 $16 {[%mdl 4096] Endgame KRB-KRB} Kg7 25. f3 Kf6 26. Kf2 h5 27. c3 b6 28. Bc2 Ke5 29. g3 Bd7 30. f4+ Ke6 31. h4 f6 (31... a5 $16 {was worth a try.} 32. Bd1 Rh8) 32. Rc4 $18 d5 (32... Be8 {was called for.} 33. Rc7 Rd7) 33. Rc7 a5 34. Rb7 b5 35. Rb6+ Ke7 36. Bd3 {Accuracy: White = 88%, Black = 40%.} 1-0

[Event "Portugal Open 2020"]
[Site "Lisbon"]
[Date "2020.01.27"]
[Round "4.20"]
[White "Pires, Emanuel Joao Robarts"]
[Black "Stella, Andrea"]
[Result "1-0"]
[WhiteElo "2112"]
[BlackElo "2465"]
[Annotator "TA"]
[PlyCount "111"]
[EventDate "2020.01.25"]
[EventType "swiss"]
[EventCountry "POR"]
[SourceTitle "playchess.com"]
[Source "ChessBase"]
[SourceQuality "1"]

{[%evp 9,111,6,9,0,7,1,25,12,9,19,37,28,34,-61,-51,-64,-81,-72,-47,-79,-69,-83,-58,-64,-37,-58,-41,-93,-98,-105,-88,-93,-78,-82,-80,-84,-52,-59,-52,-61,-9,-23,0,-64,-15,-27,0,0,0,0,-2,-5,0,0,0,-13,0,0,0,-10,-10,-10,-10,-10,-10,-12,-12,-13,-14,-21,0,0,0,0,7,0,516,515,515,490,485,425,510,510,510,510,500,393,510,502,502,0,502,482,29979,29980,29980,29981,29982,29981,29982,29983,29984,29982]} 1. e4 e6 2. Nf3 d5 3. e5 c5 4. b4 d4 5. bxc5 Bxc5 6. Bd3 {C00: French: Unusual White 2nd moves} Nc6 7. O-O (7. Ba3 Qa5 8. Bxc5 Qxc5 9. O-O Nxe5 10. Nxe5 Qxe5 11. Na3 Nf6 12. Nc4 Qc7 13. Re1 Bd7 {0-1 (39) Maier,C (2388)-Rambaldi,F (2555) Porto Mannu 2017}) 7... Nge7 8. Re1 {White has an edge.} Ng6 9. Ba3 Qe7 10. Bxc5 (10. Bxg6 {feels hotter.} hxg6 11. Bxc5 Qxc5 12. d3 Rh5 13. g4) 10... Qxc5 11. c3 $146 (11. Bxg6 $14 hxg6 12. d3) ({Predecessor:} 11. Qe2 b6 12. Bxg6 hxg6 13. c4 f5 14. a4 Nb4 15. d3 Bb7 16. Nbd2 Qe7 17. Red1 a5 18. Nxd4 O-O-O 19. Nb5 Rxh2 20. Kxh2 {½-½ (20) De Melo,G (2044)-Kroes,F (2105) LSS email 2010}) 11... Ngxe5 12. cxd4 Nxf3+ 13. Qxf3 Qxd4 14. Nc3 O-O 15. Nb5 Qd8 16. Be4 Nd4 (16... a6 {with more complications.} 17. Bxc6 bxc6 18. Nc3 Rb8 19. Reb1 Rxb1+ 20. Rxb1 Qd6) 17. Nxd4 Qxd4 18. Bxb7 (18. Rac1 $15) 18... Bxb7 $17 19. Qxb7 Qxd2 20. Red1 Qf4 21. a4 a5 22. g3 Qf6 23. Rab1 g6 24. Rb5 Kg7 (24... h5 $15) 25. Kg2 $1 $11 Qc3 26. Qe4 (26. Rd7 $11) 26... Rad8 (26... Rfd8 $5 {[%cal Rd8d1]} 27. Re1 Ra7 $15) 27. Re1 Kg8 28. Re3 Qc7 29. Qe5 Qc6+ 30. Qe4 Qc7 31. Qe5 Qc6+ (31... Qc8 {is interesting.} 32. Rxa5 Rd7 33. h4 h5 34. Rf3 Rd1) 32. Qe4 Qxe4+ (32... Qa6 {keeps more tension.} 33. h4 Rb8 34. Reb3 Rxb5 35. Rxb5 h5) 33. Rxe4 Rd5 34. Rxd5 exd5 {[%mdl 4096] Endgame KR-KR} 35. Re7 Rc8 36. Ra7 Rc5 37. Kf3 Kg7 38. Ra6 g5 39. Kg4 Rc4+ 40. Kxg5 Rxa4 41. f4 h5 42. f5 {Hoping for f6+.} f6+ $2 {[%mdl 8192]} (42... Ra2 $11) 43. Kxh5 $18 d4 44. Ra7+ Kf8 {With the idea ...Ke8.} 45. Kg6 Ke8 46. Kxf6 {Strongly threatening Ke6.} d3 47. Re7+ $1 Kd8 {And now ...d2 would win.} 48. Re1 $1 d2 {[#]} 49. Rd1 $1 Rd4 50. Kg7 $2 (50. Kf7 $18 {Threatens to win with f6.} a4 51. f6) 50... Rd7+ $2 {[%mdl 8192] [#]} (50... Ke8 $1 $11) 51. Kf8 $1 {f6 is the strong threat.} a4 (51... Rd5 $18 52. f6 Kd7) 52. f6 {White mates.} a3 53. f7 Rd4 54. h3 Rd3 55. g4 a2 56. Kg7 {Accuracy: White = 63%, Black = 31%.} 1-0

[Event "Portugal Open 2020"]
[Site "Lisbon"]
[Date "2020.01.27"]
[Round "4.21"]
[White "Campora, Daniel H."]
[Black "Ferreira, Vitor Hugo Vieira"]
[Result "1-0"]
[WhiteElo "2420"]
[BlackElo "2123"]
[Annotator "TA"]
[PlyCount "113"]
[EventDate "2020.01.25"]
[EventType "swiss"]
[EventCountry "POR"]
[SourceTitle "playchess.com"]
[Source "ChessBase"]
[SourceQuality "1"]

{[%evp 9,113,60,54,68,69,31,58,54,46,45,100,43,44,43,44,37,39,39,67,48,41,52,63,0,4,0,29,34,78,64,72,75,106,105,176,194,160,186,347,345,346,338,329,292,569,566,533,495,498,468,479,498,484,473,505,441,610,420,500,490,568,535,629,620,555,502,500,433,454,0,510,425,589,507,485,450,587,581,542,474,587,589,593,569,852,612,919,918,931,910,1173,1136,1617,1596,1586,1545,1785,1748,29986,29987,29989,12830,29990,29991,29991,29992]} 1. e4 d5 2. exd5 Qxd5 3. Nc3 Qd6 4. d4 g6 (4... Nf6 5. Nf3 c6 6. h3 g6 7. Ne5 Nbd7 8. Nc4 Qc7 9. Be2 Bg7 10. O-O b5 11. Nd2 O-O 12. Bf3 Bb7 13. Nde4 Rad8 {½-½ (50) Vachier Lagrave,M (2780)-Carlsen,M (2872) Moscow 2019}) 5. Nb5 Qb6 6. Bf4 {B01: Scandinavian Defence} Na6 7. c4 c6 $146 ({Predecessor:} 7... Bh6 8. Bxh6 Nxh6 9. Qd2 Nf5 10. Nf3 c5 11. dxc5 Qxc5 12. a3 {½-½ (39) Al Modiahki,M (2542)-Kurajica,B (2551) Istanbul 2012}) 8. c5 {White is slightly better.} Qd8 9. Nc3 Bg7 ({Black should play} 9... Nb4 $14) 10. Nf3 (10. Bxa6 $1 $16 {Threatens to win with Bc4.} bxa6 11. Qa4) 10... Nc7 $14 11. Qb3 Nf6 12. Bc4 O-O 13. O-O Ncd5 14. Be5 Nxc3 15. bxc3 b5 16. cxb6 (16. Be2 $14) 16... axb6 $11 17. a4 Bf5 18. Rfe1 Nd5 19. Bxg7 Kxg7 20. Ne5 Qd6 21. Nxc6 Nxc3 (21... Bc2 $16 {might work better.} 22. Qxc2 Qxc6 23. Bxd5 Qxd5) 22. d5 $1 $18 ({Worse is} 22. Qxc3 Qxc6 23. Re6 (23. Rxe7 $2 b5 $19) 23... Qb7 $11) (22. Qxb6 $6 Rxa4 23. Rxa4 Nxa4 $11) ({Much less strong is} 22. Nxe7 $6 Qxd4 23. Rac1 Nxa4 $14) (22. Rxe7 $2 Qxc6 23. Qxc3 b5 $1 $19 {[%mdl 512]}) 22... Qf6 23. Ra3 $36 {[%mdl 2048] White is in control.} ({Don't play} 23. Nxe7 $6 Bd7 $16) (23. Qxb6 $6 Be4 $14) 23... Nb1 $2 (23... Ne4 24. Qxb6 Rfb8) 24. Rxb1 Bxb1 25. Qxb1 Qd6 26. Qb2+ Kg8 $2 (26... f6 {was necessary.} 27. Re3 Rxa4) 27. Re3 Rfe8 28. Bb3 Rac8 29. h3 Rc7 30. h4 h5 31. g3 Rec8 32. Kh2 Rd7 33. Ba2 Ra8 34. Qc2 Qf6 35. Bb3 Re8 36. Qe2 Qd6 37. Qf3 Rc7 38. Bc4 Ra8 39. Bb3 $2 ({Better is} 39. Bb5 $18) 39... Rf8 $2 {[%mdl 8192]} (39... Re8 $1 $11 {and Black stays safe.} 40. Re2 Rb7) 40. Qe4 Re8 41. Ne5 Rf8 42. Rf3 Rc5 43. Nc6 Re8 44. Re3 Kh7 45. Qf3 Kg7 46. Qe2 Kf8 47. Nd4 Kg8 {[#]} 48. Ne6 $1 {[%mdl 512]} Rcc8 (48... fxe6 49. Rxe6) 49. Qb2 {[%csl Ge6][%cal Rb2g7]} f6 50. Qb1 Kf7 51. Nf4 Rg8 52. Kg2 Rg7 53. Re6 Qb4 54. d6 Ke8 {[#]} 55. dxe7 (55. Qxg6+ $142 $1 {[%mdl 512]} Kd7 (55... Rxg6 56. Rxe7+) 56. Qxg7 Qxd6 57. Rxd6+ Kxd6 {[#]} 58. Nd5 $1 {[%mdl 512]} Rc7 59. Nxc7 Kxc7 60. Qxe7+ Kc6 61. Be6) 55... Qd2 {[#]} 56. Nd5 $1 {[%mdl 64] Double Attack} Qd4 57. Nxf6+ {Accuracy: White = 65%, Black = 30%.} 1-0

[Event "Portugal Open 2020"]
[Site "Lisbon"]
[Date "2020.01.27"]
[Round "4.22"]
[White "Loeffler, Stefan"]
[Black "Fernandes, Ricardo Paulos"]
[Result "1/2-1/2"]
[WhiteElo "2376"]
[BlackElo "2100"]
[Annotator "TA"]
[PlyCount "58"]
[EventDate "2020.01.25"]
[EventType "swiss"]
[EventCountry "POR"]
[SourceTitle "playchess.com"]
[Source "ChessBase"]
[SourceQuality "1"]

{[%evp 14,58,39,34,56,52,60,25,39,-43,-35,-41,-47,-35,-53,-121,-145,-115,-42,-16,0,0,23,0,0,0,28,0,27,14,9,2,16,-12,0,-16,-6,-6,-8,-7,0,0,0,0,0,0,0]} 1. e4 c5 2. Nf3 d6 3. d4 cxd4 4. Nxd4 Nf6 5. f3 Nc6 6. c4 g6 7. Be3 Bg7 8. Nc3 Bd7 {B38: Sicilian: Maroczy Bind with 5...Bg7 and 7...0-0} (8... O-O 9. Be2 Nh5 10. Qd2 Qa5 11. g3 Nxd4 12. Bxd4 Be6 13. O-O Rfc8 14. Bxg7 Nxg7 15. Qd4 Qc5 16. Qxc5 Rxc5 17. b3 {1-0 (55) Rozum,I (2599)-Antipov,M (2567) Sochi 2019}) 9. Be2 Rc8 10. Nb3 O-O {White has an edge.} 11. c5 $146 (11. O-O $14) ({Predecessor:} 11. O-O Be6 12. Nd5 Nd7 13. Qd2 a5 14. Rad1 a4 15. Nc1 Nc5 16. b3 axb3 17. axb3 {0-1 (47) Vlahovic,B (2368)-Govedarica,R (2405) Sombor 2010}) 11... Be6 $15 12. cxd6 exd6 13. Nd4 d5 14. exd5 (14. O-O $15) 14... Nxd5 $17 15. Nxe6 {[#]} fxe6 ({Black should play} 15... Qa5 $1 $17 16. Nxf8 Nxe3) 16. Nxd5 $15 exd5 17. O-O Kh8 18. Rb1 d4 19. Bf2 Qg5 20. Bd3 Rcd8 (20... Ne5 $5 {[%cal Re5f3]} 21. Kh1 Nxd3 22. Qxd3 Rfd8 $11) 21. Qc1 Qa5 {The position is equal.} 22. a3 Ne5 23. Rd1 Rc8 24. Qd2 Qxd2 25. Rxd2 Rxf3 26. Be4 Rf7 27. Bxd4 Rd8 28. Rbd1 {[#] aiming for Bxe5.} Rfd7 $1 29. Bxb7 Rxd4 {Accuracy: White = 31%, Black = 57%.} 1/2-1/2